Pay surveys Provisions and outcomes
Guardado en:
| Autor Corporativo: | |
|---|---|
| Formato: | Libro |
| Lenguaje: | inglés |
| Publicado: |
Ödeshög (Svezia)
Diskriminerings Ombudsmannen
2009
|
| Etiquetas: |
Sin Etiquetas, Sea el primero en etiquetar este registro!
|
MARC
| LEADER | 00000nam a2200000 4500 | ||
|---|---|---|---|
| 005 | 20241016172538.0 | ||
| 008 | 241016b |||||||| |||| 00| 0 eng d | ||
| 040 | |c GP | ||
| 110 | |a Diskriminerings Ombudsmannen | ||
| 245 | |a Pay surveys |b Provisions and outcomes | ||
| 260 | |a Ödeshög (Svezia) |b Diskriminerings Ombudsmannen |c 2009 | ||
| 942 | |2 ddc |c BK |n 0 | ||
| 952 | |0 0 |1 0 |2 ddc |4 0 |6 323_400000000000000_DIS |7 1 |9 2131 |a RM |b RM |d 2024-10-16 |l 0 |o 323.40 DIS |p 874 |r 2024-10-16 17:26:36 |w 2024-10-16 |y BK | ||
| 999 | |c 1873 |d 1873 | ||